000 00443 a2200157 4500
020 _a0761502416 :
040 _aDLC
_bDLC
082 0 0 _a005.4469
100 1 _aReese, Andrew.
245 1 0 _aWindows 95 easy installation guide
_cAndrew Reese.
260 _aRocklin, Calif. :
_bPrima Pub.,
_cc1995.
300 _axii, 100 p. :
_bill. ;
_c23 cm.
500 _aIncludes index.
650 0 _aOperating systems (Computers)
942 _cBK
_k005.4469
_2ddc
999 _c6268
_d6268